COMO REDACTAR OBJETIVOS DE INSTRUCCION (Registro nro. 4408)
[ vista simple ]
| 000 -LEADER | |
|---|---|
| fixed length control field | 00605nam a2200217 a 4500 |
| 001 - CONTROL NUMBER | |
| control field | 4408 |
| 005 - DATE AND TIME OF LATEST TRANSACTION | |
| control field | 20180713184303.0 |
| 008 - FIXED-LENGTH DATA ELEMENTS--GENERAL INFORMATION | |
| fixed length control field | 140415s1989 mx 000 0 spa d |
| 020 ## - INTERNATIONAL STANDARD BOOK NUMBER | |
| International Standard Book Number | 9682436702 |
| 041 ## - LANGUAGE CODE | |
| Language code of text/sound track or separate title | spa |
| 082 ## - DEWEY DECIMAL CLASSIFICATION NUMBER | |
| Classification number | 371.36 |
| Item number | DIL |
| 100 1# - MAIN ENTRY--PERSONAL NAME | |
| Personal name | DILLMAN, CAROLINE MATHENY |
| 245 10 - TITLE STATEMENT | |
| Title | COMO REDACTAR OBJETIVOS DE INSTRUCCION |
| 250 ## - EDITION STATEMENT | |
| Edition statement | 2a ed. |
| 260 ## - PUBLICATION, DISTRIBUTION, ETC. | |
| Place of publication, distribution, etc. | MEXICO : |
| Name of publisher, distributor, etc. | TRILLAS, |
| Date of publication, distribution, etc. | 1989 |
| 300 ## - PHYSICAL DESCRIPTION | |
| Extent | 152 |
| 650 14 - SUBJECT ADDED ENTRY--TOPICAL TERM | |
| Topical term or geographic name entry element | PROYECTOS DE DESARROLLO |
| 700 1# - ADDED ENTRY--PERSONAL NAME | |
| Personal name | MOLINA GARCIA, ENRIQUE |
| Relator term | tr. |
| 740 ## - ADDED ENTRY--UNCONTROLLED RELATED/ANALYTICAL TITLE | |
| Uncontrolled related/analytical title | WRITING INSTRUCTIONAL OBJETIVES |
| 700 1# - ADDED ENTRY--PERSONAL NAME | |
| Personal name | RAHMLOW, HAROLD F. |
| Relator term | coaut. |
| Withdrawn status | Lost status | Source of classification or shelving scheme | Damaged status | Not for loan | Collection code | Home library | Current library | Shelving location | Date acquired | Source of acquisition | Inventory number | Total Checkouts | Full call number | Barcode | Date last seen | Price effective from | Koha item type | Date last checked out |
|---|---|---|---|---|---|---|---|---|---|---|---|---|---|---|---|---|---|---|
| Dewey Decimal Classification | General | Biblioteca Karol Wojtyla | Biblioteca Karol Wojtyla | Sala general | 03/12/2013 | Compra | 151000000000000000018729 | 371.36 DIL | 20523 | 05/01/2026 | 03/12/2013 | Libro | ||||||
| Dewey Decimal Classification | General | Biblioteca Karol Wojtyla | Biblioteca Karol Wojtyla | Sala general | 03/12/2013 | Compra | 151000000000000000041723 | 371.36 DIL | 15897 | 05/01/2026 | 03/12/2013 | Libro | ||||||
| Dewey Decimal Classification | General | Biblioteca Karol Wojtyla | Biblioteca Karol Wojtyla | Sala general | 03/12/2013 | Compra | 151000000000000000041728 | 371.36 DIL | 44933 | 05/01/2026 | 03/12/2013 | Libro | ||||||
| Dewey Decimal Classification | General | Biblioteca Karol Wojtyla | Biblioteca Karol Wojtyla | Sala general | 03/12/2013 | Compra | 151000000000000000041724 | 371.36 DIL | 23036 | 05/01/2026 | 03/12/2013 | Libro | ||||||
| Dewey Decimal Classification | General | Biblioteca Karol Wojtyla | Biblioteca Karol Wojtyla | Sala general | 03/12/2013 | Compra | 151000000000000000041727 | 371.36 DIL | 40214 | 05/01/2026 | 03/12/2013 | Libro | 17/10/2015 | |||||
| Dewey Decimal Classification | General | Biblioteca Karol Wojtyla | Biblioteca Karol Wojtyla | Sala general | 03/12/2013 | Compra | 151000000000000000041726 | 371.36 DIL | 33725 | 05/01/2026 | 03/12/2013 | Libro | ||||||
| Dewey Decimal Classification | General | Biblioteca Karol Wojtyla | Biblioteca Karol Wojtyla | Sala general | 03/12/2013 | Compra | 151000000000000000041725 | 371.36 DIL | 24648 | 05/01/2026 | 03/12/2013 | Libro |